[Event "Quenza op 14th"]
[Site "Quenza"]
[Date "2025.07.06"]
[Round "8"]
[White "Ratier Fontana, Matteo"]
[Black "Depau, Alessandro"]
[Result "1-0"]
[WhiteElo "2275"]
[BlackElo "1940"]
[PlyCount "110"]
[EventDate "2025.07.06"]
[EventType "swiss (blitz)"]
[EventRounds "9"]
[EventCountry "FRA"]
[SourceTitle "CB29_2025"]
[SourceDate "2025.07.16"]
[SourceVersion "1"]
[SourceVersionDate "2025.07.16"]
[SourceQuality "1"]

1. Nf3 Nf6 2. d4 c6 3. Bf4 d5 4. e3 Qb6 5. Qc1 Bf5 6. Nbd2 Nbd7 7. c3 h6 8. Be2 Rc8 9. b4 Ne4 10. Nxe4 Bxe4 11. 0-0 e6 12. a3 Be7 13. c4 0-0 14. c5 Qd8 15. b5 Bf6 16. Bd6 Re8 17. bxc6 Rxc6 18. Rb1 Bxb1 19. Qxb1 Rxd6 20. cxd6 b6 21. Bb5 Rf8 22. Qb4 e5 23. dxe5 Nxe5 24. Nxe5 Bxe5 25. d7 Qc7 26. f4 Bd6 27. Qd4 a6 28. Bxa6 Qxd7 29. Qxd5 Qe7 30. e4 Bxa3 31. Rd1 Qc5+ 32. Qxc5 bxc5 33. Bc4 Kh7 34. e5 Bb2 35. Rd7 Bd4+ 36. Kf1 Kg6 37. g4 Be3 38. Bd3+ f5 39. Bxf5+ Rxf5 40. gxf5+ Kxf5 41. Rf7+ Ke6 42. Rxg7 Bxf4 43. h3 Kxe5 44. Ke2 Kd4 45. Rd7+ Kc3 46. Rd3+ Kc4 47. Rf3 Bg5 48. h4 Bc1 49. Rf1 Bb2 50. Rf5 Kb4 51. Kd3 Bc1 52. Kc2 Be3 53. Rf6 Kc4 54. Re6 Bf4 55. Re4+ Kd5 1-0

[Event "Sardegna Regional-ch"]
[Site "Cagliari"]
[Date "2015.06.01"]
[Round "3"]
[White "Depau, Alessandro"]
[Black "Sonis, Francesco"]
[Result "0-1"]
[WhiteElo "1811"]
[BlackElo "2226"]
[PlyCount "72"]
[EventDate "2015.05.30"]
[EventType "swiss"]
[EventRounds "6"]
[EventCountry "ITA"]
[SourceTitle "EXT 2017"]
[Source "ChessBase"]
[SourceDate "2016.10.25"]
[SourceVersion "1"]
[SourceVersionDate "2016.10.25"]
[SourceQuality "1"]

1. f4 d5 2. e3 Nf6 3. d4 g6 4. Bd3 c5 5. c3 Nc6 6. Nd2 Bg7 7. Ngf3 Qb6 8. 0-0 Bf5 9. Be2 Ne4 10. Nxe4 Bxe4 11. Ng5 Rd8 12. f5 Bf6 13. Nxe4 dxe4 14. Qc2 cxd4 15. exd4 Bxd4+ 16. cxd4 Nxd4 17. Qa4+ Rd7 18. Bc4 Nxf5+ 19. Kh1 Nd6 20. Bxf7+ Nxf7 21. Rxf7 Qb4 22. Qxd7+ Kxd7 23. Bg5 Re8 24. b3 Qd4 25. Rff1 Ke6 26. Rae1 Rc8 27. Rf4 Ke5 28. Rf7 Rc2 29. Rxe7+ Kf5 30. Bh6 g5 31. g4+ Kg6 32. Re6+ Kf7 33. R6xe4 Qd6 34. Re5 Qc6+ 35. R5e4 Rc1 36. Rxc1 Qxe4+ 0-1